Statistics for 10 Largest Ethnics of United States

Click here to take the quiz!

General Stats

  • This quiz has been taken 58 times
  • The average score is 7 of 10

Answer Stats

HintAnswer% Correct
1German
94%
9French
91%
4Irish
91%
3Mexican
91%
7Italian
89%
5English
85%
8Polish
74%
10Scottish
57%
6American
43%
2Afro-American
8%

Score Distribution

Percentile by Number Answered

Percent of People with Each Score

Your Score History

You have not taken this quiz